Marvel 8 to 1: Captain Marvel Quiz Stats

 Plays Quiz Updated Mar 30, 2019

Score 0/36 Timer 03:00
14 Plays Today
% Correct
Avengers
90.2%
Flight
85.3%
S.H.I.E.L.D.
84.5%
The Mighty Avengers
83.4%
A-Force
83.1%
Lightspeed Travel
82.9%
Guardians of the Galaxy
82.5%
Superhuman Strength
82.4%
Energy Projection and Absorption
81.6%
New Avengers
81.3%
Resistant to most Toxins
81.1%
Precognitive 'Seventh Sense'
77.8%
Control of Stellar Energies
77.5%
Alpha Flight Space Program
76.1%
Brie Larson
75.7%
Mar-Vell
73%
Super Hero Squad Online
72.4%
vs. Capcom: Infinite
71.3%
% Correct
Ultimate Alliance
66.8%
Puzzle Quest
64.1%
Phyla-Vell
63.1%
Kamala Khan
59.1%
Noh-Varr
58.4%
Future Fight
54.6%
Colonel Michael Rossi
53.2%
Genis-Vell
51.8%
Starjammers
47.2%
Spider-Man
46.5%
Monica Rambeau
46.2%
Sharon Ventura
44.3%
Catherine Donovan
41.1%
Warbird
40.6%
Khn'nr
40.4%
Ace
40.1%
Binary
32.5%
Moonstone
20.4%

You're not logged in!

Compare scores with friends on all Sporcle quizzes.
OR
Log In

Sporcle TV

Today on Sporcle TV


Watch our educational content, quiz creation guides, and fun videos on Sporcle TV.

Show Comments

Extras

Top Quizzes Today


Score Distribution

Your Account Isn't Verified!

In order to create a playlist on Sporcle, you need to verify the email address you used during registration. Go to your Sporcle Settings to finish the process.

Report this User

Report this user for behavior that violates our Community Guidelines.

Details: